000 00410nam a2200133Ia 4500
005 20260326235450.0
008 260326s9999||||xx |||||||||||||| ||und||
100 _aTéllez Castañeda, Germán
245 0 _aVeinte Bienales Colombianas de Arquitectura 1962-2005 /
_cGermán Téllez Castañeda
260 _bSociedad Colombiana de Arquitectos
300 _a205 p.
650 _aARQUITECTURA REGIONAL
942 _cBK
999 _c7728
_d7728